[Event "US-ch Women 2019"]
[Site "Saint Louis"]
[Date "2019.03.23"]
[Round "4.1"]
[White "Yu, Jennifer"]
[Black "Nguyen, Emily"]
[Result "1-0"]
[WhiteElo "2273"]
[BlackElo "2143"]
[Annotator "TA"]
[PlyCount "63"]
[EventDate "2019.03.20"]
[EventType "swiss"]
[EventCountry "USA"]
[SourceTitle "playchess.com"]
[Source "ChessBase"]
[SourceQuality "1"]

{[%evp 14,63,33,34,38,17,38,42,280,295,292,287,278,283,279,281,277,281,241,241,459,266,258,262,271,269,298,288,291,284,289,229,223,204,189,189,194,177,249,249,282,289,466,454,575,547,918,904,888,888,766,837]} 1. e4 e5 2. Bc4 Nf6 3. d3 Nc6 4. Nf3 Bc5 5. O-O d6 6. c3 O-O 7. Bg5 Be6 8. Nbd2 {LiveBook: 5 Games. C54: Giuoco Piano: 4 c3 Nf6, main lines with 5 d4 and 5 d3} a5 (8... h6 9. Bh4 Qe7 10. b4 Bb6 11. Bb3 Bxb3 12. axb3 g5 13. Bg3 Qe6 14. Nc4 Ne7 15. Re1 Ng6 {½-½ (50) Duda,J (2658)-Tari,A (2532) Reykjavik 2015}) 9. a4 Re8 10. Re1 $146 {White is slightly better.} ({Predecessor:} 10. Qc2 Nb8 11. Bh4 Nbd7 12. d4 Bb6 13. h3 exd4 14. cxd4 h6 {1-0 (43) Zamora,R (1516)-Lopez Galiano,S (1497) Barcelona 2012}) 10... d5 $2 {[#]} (10... Bxc4 $14 11. Nxc4 b6) 11. Bxf6 gxf6 12. exd5 Bxd5 13. Bxd5 Qxd5 14. Ne4 Be7 15. Nh4 Qe6 {And now ...f5 would win.} 16. Qh5 {Nf5 is the strong threat.} Bf8 $2 (16... f5) 17. Nf5 (17. Re3 $142) 17... Ne7 $18 {[#]} 18. Nxe7+ $1 Bxe7 19. Ng3 Kh8 20. Re4 {White threatens Rh4 and mate.} f5 21. Nxf5 Qg6 22. Qxg6 hxg6 23. Nxe7 Rxe7 {[%mdl 4096] Endgame KRR-KRR} 24. d4 {[%cal Bd3d4,Bd4e5,Be5e6,Be6e7][%mdl 32]} Rd8 25. f4 f6 (25... c5 $142 26. dxc5 (26. dxe5 Rd2 $16) (26. Rxe5 Rxe5 27. dxe5 Rd2 $16) 26... Rd2) 26. fxe5 fxe5 27. Rae1 ({But not} 27. dxe5 $6 Kg7 $18) ({Don't play} 27. Rxe5 $6 Rxe5 28. dxe5 Kg7 $16) 27... c5 $2 (27... b6 {might work better.} 28. Rxe5 Rf7) 28. Rxe5 {White is clearly winning.} Rxe5 29. dxe5 ({Less strong is} 29. Rxe5 cxd4 30. Kf1 dxc3 $16) 29... Kg7 30. e6 Kf6 31. e7 Re8 32. Kf2 {Precision: White = 80%, Black = 33%.} 1-0

[Event "US-ch Women 2019"]
[Site "Saint Louis"]
[Date "2019.03.23"]
[Round "4.2"]
[White "Zatonskih, Anna"]
[Black "Yip, Carissa"]
[Result "1-0"]
[WhiteElo "2430"]
[BlackElo "2279"]
[Annotator "TA"]
[PlyCount "173"]
[EventDate "2019.03.20"]
[EventType "swiss"]
[EventCountry "USA"]
[SourceTitle "playchess.com"]
[Source "ChessBase"]
[SourceQuality "1"]

{[%evp 20,173,52,30,41,28,47,31,106,54,55,24,105,91,101,78,79,81,122,91,104,101,149,146,148,90,92,74,80,81,80,78,91,91,87,87,88,73,102,104,104,102,104,99,102,111,107,104,108,103,116,116,119,120,122,112,129,122,162,122,131,131,131,131,131,131,135,133,135,135,137,135,268,272,335,337,407,406,408,409,377,378,353,293,293,281,283,274,450,456,454,447,420,416,842,846,798,805,794,520,693,0,779,357,778,767,733,715,909,0,583,512,525,516,476,129,222,124,127,93,93,93,93,93,93,93,93,93,5093,3954,2191,1952,29971,29968,5106,3361,29951,29944,29963,29966,1135,882,647,647,29980,29981,29981,29982,29982,29983,29983,29984,29985,29986,29986,29987]} 1. d4 Nf6 2. Nf3 g6 3. g3 Bg7 4. Bg2 O-O 5. c4 d5 6. O-O dxc4 7. Na3 Nc6 8. Nxc4 Be6 9. b3 Bd5 10. Bb2 a5 11. Ne3 Be4 {D77: Fianchetto Grünfeld: 6 0-0: Replies other than 6...c6} 12. a3 Qc8 13. Nc4 {[#]} h6 $146 (13... Rd8 $14) ({Predecessor:} 13... Rd8 14. e3 Bd5 15. Rc1 Ne4 16. Qe2 Qe6 17. Ne1 Ng5 18. Nf3 Qg4 19. Ncd2 Nxf3+ 20. Bxf3 Bxf3 21. Qxf3 Qxf3 22. Nxf3 {½-½ (44) Rozum,I (2573)-Sjugirov,S (2654) Khanty-Mansiysk 2018}) 14. Re1 ({White should play} 14. Ncd2 $1 $16) 14... Rd8 $14 15. Ncd2 Qe6 (15... Bxf3 $11 16. Nxf3 e5) 16. Nxe4 Nxe4 17. Qc2 a4 (17... Nxd4 $2 18. Nxd4 Bxd4 19. Bxd4 $18) 18. bxa4 Na5 19. e3 ({Of course not} 19. Qxc7 $6 Nc4 $11) 19... Qc6 20. Rac1 Nd6 {intending ...Qxc2.} 21. Bc3 Nac4 {[#]} 22. Bb4 (22. a5 $142 $1 {[%mdl 512]}) 22... Qxa4 $16 23. Bxd6 Nxd6 24. Qxa4 Rxa4 25. Rxc7 Bf8 26. Ne5 Rxa3 27. Rb1 b5 28. Bf1 Rb8 29. Nd7 Rba8 30. Bxb5 Ra1 31. Rcc1 R1a2 32. Bc6 Rc8 33. Bd5 Rxc1+ 34. Rxc1 Rb2 35. Ra1 {aiming for Ra8.} Bg7 36. Ra8+ Kh7 37. Ra7 g5 38. Ne5 Rb5 39. Bc4 ({Worse is} 39. Nxf7 Rxd5 40. Rxe7 Nxf7 $11) 39... Rb1+ 40. Kg2 Nxc4 41. Nxc4 {[%mdl 4096] Endgame KRB-KRN} Bf6 42. Nd2 Rb6 43. Ne4 Kg6 44. g4 e6 45. Rd7 Bg7 (45... Ra6 $16 {was called for.} 46. h3 Ra5) 46. Nd6 $18 f6 47. Nc8 Rb8 48. Ne7+ Kh7 49. d5 exd5 50. Nf5 Rg8 51. Rxd5 Bf8 52. Rd8 Rh8 53. Ng3 Ba3 $2 (53... Kg8 {might work better.} 54. Kf3 Kh7) 54. Rd7+ Kg6 55. Nh5 {[%csl Gh5][%cal Rd7g7]} Bf8 56. Rb7 Rg8 (56... Rh7 $142) 57. e4 Bd6 58. h3 Be5 59. Kf3 Bd6 60. Kg2 Be5 $1 {[#]} 61. h4 $1 {[%mdl 512]} Bd6 $2 (61... Bc3 62. Kg3 Be1) (61... gxh4 62. Kh3) 62. Kh3 Be5 63. Rd7 Bb8 64. Rb7 Be5 65. Ng3 {[%csl Gg3,Gg4][%cal Rh4h5]} gxh4 66. Nh5 $1 Kg5 67. Rb5 $2 (67. Re7 $18 {and White stays clearly on top.} Bf4 68. Rd7) 67... Kg6 {[#]} (67... Rb8 $16 68. f4+ {[%mdl 64] Double Attack} Kg6 69. Rxb8 Bxb8 70. Kxh4 Ba7) 68. f4 ({But not} 68. Kxh4 $6 Rb8 $16) (68. Rd5 $1 $18) 68... Rb8 $16 69. Rxb8 Bxb8 70. Kxh4 {KB-KN} Bc7 71. Kg3 Bb8 72. Kf3 Bc7 73. Ke3 Bb8 $2 {[%mdl 8192] [#]} (73... Kf7 $16 74. Ng3 Bb6+ 75. Kf3 Bc7) 74. Kd4 $1 $18 {[%cal Rd4d5]} Bc7 75. Kd5 Bb6 76. Ke6 Bd4 77. Ng3 Bb2 78. Nf5 h5 79. Ne7+ Kh6 80. Ng8+ Kg7 {[#]} 81. Nxf6 $1 {[%mdl 512]} Bxf6 82. gxh5 {KB-K3P. White mates.} Bc3 83. e5 Bb4 84. f5 Kh6 85. Kf7 Kg5 86. e6 Kxf5 87. h6 {Accuracy: White = 76%, Black = 40%.} 1-0

[Event "US-ch Women 2019"]
[Site "Saint Louis"]
[Date "2019.03.23"]
[Round "4.3"]
[White "Feng, Maggie"]
[Black "Wang, Annie"]
[Result "1/2-1/2"]
[WhiteElo "2199"]
[BlackElo "2304"]
[Annotator "TA"]
[PlyCount "176"]
[EventDate "2019.03.20"]
[EventType "swiss"]
[EventCountry "USA"]
[SourceTitle "playchess.com"]
[Source "ChessBase"]
[SourceQuality "1"]

{[%evp 9,176,-8,-16,-25,-28,-33,-26,-24,-11,-22,-12,-18,-13,-18,-14,-31,-29,-33,-27,-54,-16,-17,-29,-26,-19,-20,-8,-15,24,35,27,32,27,6,11,9,16,-13,-22,-13,0,0,0,0,0,-15,0,-35,0,-23,-8,-25,0,0,25,26,44,45,47,35,64,35,62,43,48,48,35,35,20,29,105,105,118,107,245,240,346,342,272,237,236,158,172,172,175,82,108,70,45,71,55,58,452,454,443,412,443,293,226,-83,-6,0,0,0,80,45,90,0,91,94,88,87,96,45,33,14,20,0,8,0,0,0,0,0,0,0,180,120,116,0,0,0,0,0,0,0,8,0,74,0,0,0,0,0,8,0,0,0,0,-14,-14,-14,0,0,0,0,0,0,0,0,8,8,8,8,8,8,8,8,8]} 1. Nf3 d5 2. g3 c5 3. c4 d4 4. e3 Nc6 5. exd4 cxd4 6. d3 {A09: Réti Opening: 1 Nf3 d5 2 c4} Nf6 7. Bg2 e5 8. O-O {Black has an edge.} Nd7 9. Na3 Be7 10. Nc2 O-O 11. a3 a5 {[%cal Ba7a5,Ba5a4][%mdl 32]} 12. Rb1 $146 ({Predecessor:} 12. Bd2) 12... a4 13. Bd2 Nc5 14. Bb4 Bf5 15. Bxc5 Bxc5 16. b4 axb3 $1 17. Rxb3 Qc7 18. Nb4 Nxb4 19. axb4 Be7 20. Re1 f6 21. Nh4 Be6 {[#]} 22. f4 $1 {[%mdl 512]} Ra4 (22... exf4 23. Rxe6) 23. f5 Bf7 24. b5 Rfa8 25. Qf3 Qa5 26. Rbb1 Rb8 $1 27. Qg4 Bb4 28. Red1 Bd2 29. Be4 Ra2 30. Ng2 Bc3 31. Qf3 Qb6 32. Rf1 Kf8 33. Rf2 Rxf2 34. Qxf2 Be8 35. Qa2 Qc5 36. Rb3 Bb4 37. Qa4 $36 {[%mdl 2048] White has good play.} Bc3 38. Qa3 Qxa3 39. Rxa3 b6 (39... Bd7 $11) 40. Ra7 $16 Rd8 41. Kf2 Rd7 (41... Bb4 $16 {is a better defense.}) 42. Ra6 $18 Ba5 {[#]} (42... Bb4 $142 43. Rxb6 Rd8) 43. c5 $1 {[%mdl 512]} Rd8 (43... bxc5 44. Rxa5) 44. c6 Rc8 45. Bd5 Rc7 46. Kf3 Ke7 47. Ke4 (47. Ra8 $18) 47... Kd6 $16 48. Ra8 Bh5 49. Rd8+ Ke7 50. Rh8 h6 $2 {[%mdl 8192]} (50... Kd6 $14) 51. Nh4 $18 Kd6 52. Bc4 Bd2 {Black hopes to continue with ...Ra7.} 53. Rb8 Ra7 54. Rxb6 $2 (54. Rd8+ $18 Ke7 55. Rb8) 54... Kc5 (54... Kc7 $1 $17 {[%cal Rc7b6]} 55. Ra6 Rxa6 56. bxa6 Kxc6) 55. c7 $1 $11 Rxc7 56. Rb8 Bf7 (56... Ba5 $1 $11 {remains equal.}) 57. Be6 ({But not} 57. b6 Bxc4 $1 {[%mdl 512]} 58. dxc4 Rd7 $15) 57... Re7 58. b6 (58. Bxf7 $16 Rxf7 59. Ng6) 58... Bxe6 (58... Re8 $11 59. Rb7 Bxe6 60. fxe6 Rxe6) 59. fxe6 $16 Rxe6 $11 {[%mdl 4096] Endgame KRB-KRN} 60. b7 Kc6 {[#]} 61. Rg8 (61. Nf5 $1 $16) 61... Kxb7 $14 62. Rxg7+ Kb6 63. Rg6 Rc6 64. Nf5 Kb5 65. Ne7 Ra6 66. h4 Be3 67. g4 Bf2 $2 (67... Ra1 $11 {and Black stays safe.}) 68. h5 ({White should play} 68. Rxh6 $18 Ra1 69. Nf5) 68... Be3 $16 69. Nf5 (69. Nd5 $16 Ra2 70. Nxf6 (70. Nxe3 Re2 $16 {[%mdl 64] Pin})) 69... Bg5 70. Kd5 Ra3 71. Nxh6 Rxd3 72. Nf7 Bf4 73. Rxf6 Re3 (73... Rg3 $11) 74. Rxf4 (74. Nd6+ $16 Kb4 75. Nf5) 74... exf4 $11 {The position is equal.} 75. Kxd4 $16 {KR-KN} Re7 76. Ng5 {White wants to play h6.} Re8 77. Nf3 Re3 78. Ng5 Rg3 79. Ne6 ({Don't go for} 79. h6 $2 Rxg4 80. Nf3 Rg6 $19) (79. Ke4 {keeps more tension.} Rxg4 80. Nf3 Kc5 81. Kf5 Rg8 82. h6) 79... Rxg4 80. Ke4 Rh4 81. Nxf4 Kc5 82. Kf5 {Black must now prevent Kg5.} Kd6 83. Kg5 Rh1 {next ...Ke7 is good for Black.} 84. h6 {Ng6 is the strong threat.} Ke5 {Strongly threatening ...Rg1+.} (84... Ke7 $5 85. Nh5 $8 Rg1+ 86. Kf5 Rf1+ 87. Kg6 Rg1+ 88. Kf5 Rf1+ 89. Kg6 Rg1+ 90. Kf5 $11) 85. Ng6+ Ke6 {[#] Hoping for ...Rg1+.} 86. h7 $1 {[%mdl 576] Decoy} Rxh7 {aiming for ...Rg7.} 87. Nf8+ {[%mdl 64] Double Attack} Kf7 88. Nxh7 {And now Kf5 would win.} Kg7 {Accuracy: White = 48%, Black = 46%.} 1/2-1/2

[Event "US-ch Women 2019"]
[Site "Saint Louis"]
[Date "2019.03.23"]
[Round "4.4"]
[White "Foisor, Sabina-Francesca"]
[Black "Krush, Irina"]
[Result "1-0"]
[WhiteElo "2276"]
[BlackElo "2451"]
[Annotator "TA"]
[PlyCount "291"]
[EventDate "2019.03.20"]
[EventType "swiss"]
[EventCountry "USA"]
[SourceTitle "playchess.com"]
[Source "ChessBase"]
[SourceQuality "1"]

{[%evp 13,291,16,51,42,41,37,43,20,62,60,67,45,53,16,79,91,81,80,82,66,97,94,198,135,202,127,136,129,169,88,190,218,227,122,97,110,114,41,93,8,22,0,589,548,905,919,839,843,1859,1975,1657,1527,1336,415,2706,695,29978,29978,29977,29978,5110,475,455,441,385,370,601,600,597,593,593,581,577,571,289,560,545,535,477,516,416,438,967,983,29978,29979,29979,29980,29980,29971,29971,29972,29972,29973,29973,29974,29974,29975,29975,29976,29977,967,685,367,304,239,1887,1887,220,78,1887,82,1887,1887,1887,1887,1887,1887,1887,1887,1887,1887,1887,1887,1887,1887,1887,1887,1887,1887,1887,115,1164,1343,355,0,1887,0,1887,1887,1214,1172,1041,988,1887,1887,1887,1887,1887,1887,3209,2548,1963,1909,1894,1887,1887,221,1887,1887,1887,8,8,8,418,367,1887,1887,1887,1887,1887,1887,1887,1887,1887,1887,1887,1883,1868,1847,1827,0,0,35,1887,1853,1858,1750,1775,1468,1791,1688,3231,3222,2414,1895,1586,1361,390,451,399,309,29953,29951,29954,29952,29942,29942,29958,29967,29969,29963,29952,29955,29963,29973,29973,29970,4637,29978,29978,29979,29979,29980,29980,29981,29981,29982,29982,29983,29983,29982,29982,29975,29975,29976,29979,29980,29980,29981,29980,29982,29982,29983,29983,29983,29983,29984,29984,29983,29983,29972,29971,29970,29982,29982,29984,29985,29985,29973,29983,29984,29984,29985,29985,29982,29982,29983,29983,29984,29984,29985,29985,29985,29985,29986,29986,29987,29986,29988]} 1. e4 c5 2. Nf3 d6 3. d4 cxd4 4. Nxd4 Nf6 5. Nc3 Nc6 6. Bg5 e6 7. Qd3 a6 8. Nxc6 {B62: Sicilian: Richter-Rauzer: 6...e6: Unusual White 7th moves} bxc6 9. O-O-O Be7 10. h4 $146 {White is slightly better.} ({Predecessor:} 10. Bxf6 gxf6 11. f4 Bb7 12. f5 exf5 13. exf5 d5 14. Qe3 Qc7 15. Be2 O-O-O {½-½ (34) Brkic,A (2563)-Demchenko,A (2679) Skopje 2018}) 10... O-O 11. Qg3 e5 12. Bc4 Be6 13. Qd3 $40 {[%mdl 128] White has some attack.} Qb6 (13... Bxc4 $11 14. Qxc4 Qb6) 14. Bxe6 $16 fxe6 15. Qh3 Kf7 16. f4 Rab8 17. b3 Rfd8 (17... exf4 $16 {keeps fighting.} 18. Bxf4 Qc7) 18. Rhf1 (18. f5 $18) 18... Qc5 (18... exf4 $16 19. Bxf4 e5) 19. f5 exf5 20. Rxf5 a5 21. Bxf6 (21. Rdf1 $18) 21... gxf6 (21... Bxf6 $16 22. Rdf1 Qa7) 22. Rh5 $18 Rh8 23. Rd3 (23. g4 $18) 23... a4 $16 {[%mdl 64] Decoy} 24. Nxa4 Qa3+ 25. Kd2 (25. Nb2 $1 $16) 25... Qxa2 (25... d5 $1 $14 26. exd5 cxd5) 26. Qf5 ({White should play} 26. Qd7 $16 Qa1 27. Nc3 (27. Rxd6 Rbd8 $16)) 26... h6 $1 $11 27. g4 Rbd8 $2 {[%mdl 8192]} (27... Qa1 $11 {and Black has nothing to worry.}) 28. g5 $18 {And now g6+ would win.} hxg5 29. Rh7+ Rxh7 30. Qxh7+ Ke6 31. hxg5 d5 32. Qf5+ Kf7 33. exd5 (33. Rh3 $142 dxe4+ 34. Ke3 Qxc2 35. g6+ Kf8 36. Rh8+ Kg7 37. Rh7+ Kf8 38. g7+ Kg8 39. Rh8+ Kf7 40. Qh5+ Ke6 41. Rxd8 Qxb3+ 42. Kf2 Qc2+ 43. Kg1 Qc1+ 44. Rd1 Qxd1+ 45. Qxd1) 33... Rxd5 (33... Bb4+ $142 34. Ke3 Qxc2) 34. Rxd5 (34. g6+ $142 Kg7 35. Rxd5) 34... cxd5 35. g6+ $1 Kg7 36. Qh5 $1 Bb4+ 37. Kd3 (37. Nc3 $142 f5 38. Qh7+ Kf6 39. Qf7+ Kg5 40. g7 Bxc3+ 41. Kxc3 Qa1+ 42. Kb4 Qe1+ 43. c3 Qe4+ 44. Ka3) 37... f5 38. Qh7+ Kf6 39. g7 Qa1 $2 (39... e4+ 40. Kd4 Qxc2 41. g8=N+ Kg5) 40. g8=N+ Kg5 41. Qh6+ Kg4 42. Nf6+ {[%mdl 64] Double Attack} Kg3 43. Qg5+ Kh2 44. Qh4+ $1 (44. Qxf5 {gets mated.} Qd1+ 45. Ke3 Bd2+ 46. Kf2 Qg1+ 47. Ke2 Qe3+ 48. Kf1 Qe1#) 44... Kg2 {( -> ...Qd1+)} 45. Qxb4 e4+ 46. Nxe4 dxe4+ 47. Kd2 Qe5 (47... Qf6 $142 48. Qc5 f4) 48. Qc5 Qxc5 49. Nxc5 {[%mdl 4096] Endgame KN-KPP} Kf2 50. Kc3 e3 51. b4 e2 52. Nd3+ Ke3 53. b5 f4 54. b6 f3 55. b7 f2 56. b8=Q {[%csl Gd3][%cal Rb8f4]} e1=Q+ 57. Nxe1 (57. Kc4 $142 Kd2 58. Qb4+ Ke2 59. Qxe1+ $1 {[%mdl 512]} fxe1=B 60. Nxe1 Kf2 61. Kd4 Kg3 62. c4) 57... fxe1=Q+ {KQ-KQ} 58. Kb2 Qa5 59. Qg3+ Ke2 $2 (59... Ke4 60. Qd3+ Kf4 61. Qd6+ Kf5) 60. Qd3+ Kf2 61. Qd4+ (61. c4 $1 $18) 61... Kg2 $2 {[%mdl 8192]} (61... Ke2 $16) 62. c3 $2 (62. Kb3 $18 {is the precise move to win.} Qb5+ 63. Qb4) 62... Kh1 $2 {[%mdl 8192]} (62... Kf3 $16) 63. c4 Qb4+ 64. Kc2 Qa4+ 65. Kd2 Qb4+ 66. Qc3 Qd6+ 67. Kc2 Qg6+ 68. Qd3 Qg2+ 69. Kc3 {Threatening mate with Qd5.} Qg7+ 70. Qd4 Qg3+ 71. Kb4 Qb8+ 72. Ka5 $2 (72. Ka3 $18 Qa8+ 73. Kb2 Qg2+ 74. Kc1 Qg5+ 75. Qd2) 72... Qa8+ $16 73. Kb5 Qe8+ 74. Kb4 $2 (74. Kb6) 74... Qb8+ $18 75. Kc3 Qg3+ $1 76. Kc2 Qg2+ 77. Kc1 Qg5+ 78. Qd2 Qe7 79. Qd5+ Kg1 80. c5 Qe3+ 81. Kd1 Qc3 82. Qg5+ Kh1 83. Qh5+ Kg1 84. Qg4+ Kh2 85. Qf4+ $2 (85. Qh4+ Kg2 86. Qe4+ Kh3 87. c6) 85... Kh3 $2 (85... Kg1 86. Qg4+ Kh2 87. Qh4+ Kg2 88. Qe4+ Kh3) 86. Qf5+ Kg3 87. Qc2 $2 ({Better is} 87. Qd5 $18 Qa5 88. Qd6+ Kg4 89. c6) 87... Qd4+ $11 88. Kc1 {aiming for c6.} Qf4+ $2 {[%mdl 8192]} (88... Kf4 $11) 89. Kb2 $1 $18 Qc7 $2 (89... Kh4 90. Qc3 Kg5) 90. c6 Kh4 91. Qc4+ Kg3 92. Kb3 Kh2 93. Qc2+ Kh1 94. Qd1+ Kh2 95. Qd7 Qb6+ 96. Kc4 Qa6+ 97. Kc5 $2 (97. Kd4 $18 {Qd6+ is the strong threat.} Qb6+ 98. Kd5 Qb3+ 99. Kc5) 97... Qa5+ 98. Kd6 Qa3+ $2 {[%mdl 8192]} (98... Qb4+ $14 99. Kd5 Qb3+ 100. Kc5 Qc3+ 101. Kb6 Qb3+ 102. Ka7 Qa3+ 103. Kb8 Qb2+ 104. Qb7 Qh8+ 105. Ka7 Qa1+ 106. Qa6 Qg7+ 107. Kb8 Qg8+ 108. Ka7 Qg7+ 109. Kb8 Qg8+ 110. Kb7 Qb3+ 111. Qb6 Qf3) 99. Kc7 $1 Qa7+ 100. Kd8 $1 Qb8+ {[#]} 101. Ke7 $1 {White threatens Qd6+ and mate.} Qe5+ 102. Qe6 Qc7+ 103. Ke8 Kh1 104. Kf8 {White wants to mate with Qh6+.} Qd8+ 105. Kf7 {Intending Qe4+ and mate.} Qc7+ 106. Kg6 Qg3+ 107. Kh7 {Strongly threatening Qh6+.} Qd3+ $2 (107... Qc7+ $18 108. Qd7 Qh2+ 109. Kg6 Qc2+ 110. Kf6 Qc3+ 111. Kf7 Qc4+ 112. Ke7 Qh4+ 113. Kd6 Qd4+ 114. Ke6 Qe4+ 115. Kf6 Qf4+ 116. Ke6 Qe4+ 117. Kf7 Qh7+ 118. Ke8 Qh8+ 119. Kf7 Qh5+ 120. Kf6 Qh6+ 121. Kf7 Qf4+ 122. Ke6 Qe4+) 108. Qg6 Qc4 109. Qh6+ Kg1 110. Qd6 Kh1 111. c7 Qc2+ 112. Kg7 Qc3+ 113. Kf7 Qc4+ 114. Ke7 Qe4+ 115. Qe6 Qh7+ 116. Kd6 Qh2+ {White mates.} 117. Kc6 Qc2+ 118. Kb7 Qb2+ 119. Qb6 Qg7 120. Ka8 Qf8+ 121. Ka7 Qa3+ 122. Kb8 Qg3 123. Qb1+ Kh2 124. Qb2+ Kh1 125. Kb7 Qf3+ 126. Ka7 Qe3+ 127. Ka6 Qd3+ 128. Qb5 Qa3+ 129. Kb6 Qe3+ 130. Kb7 Qe7 131. Qd5+ Kh2 132. Qd4 Qf7 133. Qd3 Qe7 134. Qd2+ Kh1 135. Qh6+ Kg1 136. Qf4 Qd7 137. Qg5+ Kh1 138. Qh6+ Kg1 139. Kb8 Qb5+ 140. Ka7 Qa5+ 141. Kb7 Qd5+ 142. Qc6 Qf7 143. Ka8 Qa2+ {[#]} 144. Kb8 $1 Qb3+ 145. Qb7 Qg3 146. Ka8 {Accuracy: White = 57%, Black = 35%.} 1-0

[Event "US-ch Women 2019"]
[Site "Saint Louis"]
[Date "2019.03.23"]
[Round "4.5"]
[White "Abrahamyan, Tatev"]
[Black "Sharevich, Anna"]
[Result "1-0"]
[WhiteElo "2377"]
[BlackElo "2282"]
[Annotator "TA"]
[PlyCount "131"]
[EventDate "2019.03.20"]
[EventType "swiss"]
[EventCountry "USA"]
[SourceTitle "playchess.com"]
[Source "ChessBase"]
[SourceQuality "1"]

{[%evp 14,131,43,37,35,8,31,41,37,22,22,12,21,20,25,17,17,15,41,31,46,42,25,0,18,10,0,0,0,-36,-24,-25,-25,-29,-8,-1,0,0,0,0,0,0,0,0,0,0,0,0,0,0,0,-31,0,0,0,0,0,0,118,0,63,65,64,62,108,67,77,69,69,60,64,60,60,76,246,240,335,320,289,222,267,260,363,341,621,583,768,777,778,770,858,738,2284,2155,5880,5404,4133,2782,2045,2083,5485,5586,29970,29969,29974,29970,29979,29980,29979,29980,29981,29982,29982,29983,29983,29984,29984,29985,29985,29986]} 1. e4 c5 2. Nc3 e6 3. Nge2 a6 4. g3 Nc6 5. Bg2 d6 6. d4 cxd4 7. Nxd4 Bd7 8. O-O {LiveBook: 431 Games} h5 $146 {B46: Sicilian: Taimanov: 5 Nc3 a6} ({Predecessor:} 8... Nf6 9. Nce2 b5 10. a4 b4 11. b3 Rc8 12. Re1 Be7 13. Nxc6 Bxc6 14. Nd4 Ba8 15. Qd3 Qa5 16. Bb2 O-O 17. e5 dxe5 18. Bxa8 Rxa8 {0-1 (68) Aronian,L (2765)-Alekseev,E (2639) St Petersburg 2018}) 9. Re1 Be7 10. Nxc6 Bxc6 {White is slightly better.} 11. Ne2 h4 12. Nd4 hxg3 13. hxg3 Bd7 14. c4 Qc7 15. b3 Bf6 16. Bb2 Ne7 17. Qd2 Qc5 18. Nf3 Bxb2 19. Qxb2 e5 20. Qd2 Rd8 21. Qg5 Kf8 22. Rad1 f6 23. Qe3 Qc7 24. Rd2 Kf7 25. Rc1 Be6 26. Ne1 g5 27. Rcd1 Nc6 28. Nc2 Bg4 29. Bf3 Be6 30. Qe2 Kg6 31. Qe3 Qh7 32. Rxd6 Qh2+ (32... Nd4 $5 33. R1xd4 (33. Rxd8 $2 Qh2+ 34. Kf1 Bh3+ 35. Ke1 Nxc2+ 36. Ke2 Nxe3 $19) 33... Qh2+ 34. Kf1 Bh3+ 35. Ke2 exd4 36. Qxd4 Rxd6 37. Qxd6 g4 $11) 33. Kf1 Nd4 34. R6xd4 exd4 35. Nxd4 Bh3+ (35... Kf7 $11 {keeps the balance.}) 36. Ke1 (36. Ke2 $16 g4 37. Bh1) 36... Rhe8 (36... Bg2 $11) 37. Kd2 $14 Bg2 $1 {[%cal Rg2f3] [#] Strongly threatening ...Bxf3.} 38. Kc3 Bxf3 39. Qxf3 Qh5 $1 {[%cal Rh5f3] Hoping for ...Qxf3+.} 40. g4 $36 {[%mdl 2048] White has some pressure.} Qh2 41. Rh1 $1 Qf4 $1 {[%cal Rf4f3]} 42. Qxf4 gxf4 {[%mdl 4096] Endgame KRR-KRN} 43. f3 Rd7 $2 {[#]} (43... Rh8 $16 {was necessary.} 44. Rf1 Rh2) 44. Ne2 $18 b5 45. Nxf4+ Kg7 46. Nd5 bxc4 47. bxc4 Rd6 48. Rb1 Kg6 $2 (48... Rc6 49. Rb7+ Kf8) 49. c5 Rc6 50. Kd4 Kg5 51. Rb6 Rxb6 52. Nxb6 {KR-KN} Kf4 53. c6 Kxf3 54. c7 Rxe4+ 55. Kc5 Re8 56. Nd5 Rc8 57. Kd6 Kxg4 58. Nxf6+ {White mates.} Kf3 59. Nd5 Ke4 60. Nb6 Rh8 61. c8=Q Rxc8 62. Nxc8 Kd4 63. Nb6 Kc3 64. Kc5 Kb2 65. a4 {[%cal Ba2a4,Ba4a5][%mdl 32]} Kb3 66. a5 {Precision: White = 76%, Black = 37%.} 1-0

[Event "US-ch Women 2019"]
[Site "Saint Louis"]
[Date "2019.03.23"]
[Round "4.6"]
[White "Gorti, Akshita"]
[Black "Eswaran, Ashritha"]
[Result "0-1"]
[WhiteElo "2272"]
[BlackElo "2234"]
[Annotator "TA"]
[PlyCount "66"]
[EventDate "2019.03.20"]
[EventType "swiss"]
[EventCountry "USA"]
[SourceTitle "playchess.com"]
[Source "ChessBase"]
[SourceQuality "1"]

{[%evp 14,66,66,4,62,-25,-14,1,0,0,5,-28,-21,-15,76,-84,-73,-84,-73,-316,-216,-269,-264,-250,-255,-258,-283,-280,-285,-296,-282,-293,-293,-280,-286,-268,-242,-332,-311,-302,-321,-311,-299,-577,-585,-673,-668,-669,-663,-668,-654,-558,-282,-979,-889]} 1. d4 Nf6 2. c4 e6 3. Nc3 c5 4. d5 exd5 5. cxd5 d6 6. Nf3 g6 7. Bf4 a6 8. Nd2 (8. a4 $14) 8... Nh5 {A61: Modern Benoni: Nf3 without early e4} (8... b5 $11) (8... b5 9. a4 b4 10. Nce4 Nh5 11. Be3 f5 12. g4 Nf6 13. gxf5 Nxe4 14. Nxe4 Bxf5 15. Ng3 Qf6 16. Qd2 {1-0 (34) Sargissian,G (2667)-Ponomariov,R (2709) chess.com INT 2017}) 9. Be3 (9. Qa4+ $14 Qd7 10. Qe4+ Kd8 11. Bg5+ Be7 12. Bh6) 9... Bg7 $11 10. a4 f5 {[#] And now ...f4 would win.The position is equal.} 11. Nc4 O-O 12. Qb3 f4 13. Bd2 {[#]} Qe7 $146 {[#]} (13... Nd7 $11 {keeps the balance.}) ({Predecessor:} 13... Nd7 14. Ne4 Ne5 15. Ba5 b6 16. Bxb6 Rb8 {0-1 (79) Karttunen,M (2440)-Kononenko,D (2582) Plovdiv 2010}) 14. e3 $2 (14. Nb6 $1 $16 {[%cal Rb6a8] is necessary to keep the advantage.} Ra7 15. Nxc8 Rxc8 16. g3) 14... Nd7 $36 {[%cal Bb8d7,Bd7e5,Be5g4,Bg4f2][%mdl 2080] White is under strong pressure.} 15. a5 Ne5 16. Nb6 $2 (16. O-O-O $17 {was necessary.}) 16... Rb8 17. O-O-O Ng4 18. exf4 {With the idea Re1.} Nxf2 19. Re1 Qh4 20. Nxc8 Rfxc8 ({Less strong is} 20... Nxh1 21. Nxd6 Qxh2 22. Nde4 $17) 21. Rg1 Qxh2 ({Don't do} 21... Nxf4 22. Kb1 $19) 22. Bc4 Nxf4 23. Bxf4 Qxf4+ 24. Kb1 Re8 25. Ka1 Ne4 26. Nxe4 Rxe4 27. Rxe4 Qxe4 28. Bxa6 $2 (28. Qd3 Qh4 29. Ka2) 28... Ra8 $19 29. Qxb7 Qe8 30. Qb6 Qa4+ 31. Kb1 Qe4+ 32. Ka1 Qd4 33. Rf1 $2 (33. Re1) 33... h5 {Accuracy: White = 30%, Black = 58%.} 0-1